Audit projektů integrovaných informačních systémů

Potreba modernizácie informačného systému v podniku. Zavádzanie tzv. integrovaných informačných systémov - proces, ktorý musí byť kvalitne riadený a kontrolovaný. Najvhodnejšou formou je forma auditu. Hlavné normy, ktoré možno použiť pri audite projektov integrovaných informačných systémov, sú formu...

Descripción completa

Guardado en:
Detalles Bibliográficos
Autor principal: Svatá, Vlasta
Formato: Capítulo de libro
Lenguaje:checo
Materias:
Etiquetas: Agregar Etiqueta
Sin Etiquetas, Sea el primero en etiquetar este registro!

MARC

LEADER 00000naa a2200000 4500
001 r022357
005 20230502114212.8
041 0 |a cze 
044 |a CZ 
245 1 0 |a Audit projektů integrovaných informačních systémů  |c Vlasta Svatá 
520 |a Potreba modernizácie informačného systému v podniku. Zavádzanie tzv. integrovaných informačných systémov - proces, ktorý musí byť kvalitne riadený a kontrolovaný. Najvhodnejšou formou je forma auditu. Hlavné normy, ktoré možno použiť pri audite projektov integrovaných informačných systémov, sú formulované v zmluve na audit, v zmluve na projekt, v metodológii zavádzania integrovaného systému, v medzinárodných normách z oblasti informačných technológií, v metodológii auditu. 
610 2 0 |a systémy informačné 
610 2 0 |a audit 
610 2 0 |a systémy informačné integrované 
610 2 0 |a zmluvy 
610 2 0 |a projekty 
610 2 0 |a normy medzinárodné 
610 2 0 |a metodológia 
100 1 |a Svatá, Vlasta